Macro Economics. (Record no. 1128)
[ view plain ]
| 000 -LEADER | |
|---|---|
| fixed length control field | 00424cam a2200181ua 4500 |
| 008 - FIXED-LENGTH DATA ELEMENTS--GENERAL INFORMATION | |
| fixed length control field | 110620n ii |||gr||||Z||||||eng |
| 040 ## - CATALOGING SOURCE | |
| Transcribing agency | MAIN |
| 082 ## - DEWEY DECIMAL CLASSIFICATION NUMBER | |
| Classification number | 339.01 |
| 245 1# - TITLE STATEMENT | |
| Title | Macro Economics. |
| Statement of responsibility, etc. | By K R Gupta. |
| 250 ## - EDITION STATEMENT | |
| Edition statement | 3rd. |
| 260 ## - PUBLICATION, DISTRIBUTION, ETC. | |
| Place of publication, distribution, etc. | New Delhi.: |
| Name of publisher, distributor, etc. | Atma ram & sons.,976. |
| 300 ## - PHYSICAL DESCRIPTION | |
| Extent | 588 p.: |
| Dimensions | 20 cm. |
| 700 1# - ADDED ENTRY--PERSONAL NAME | |
| Personal name | Gupta K R., |
| 942 ## - ADDED ENTRY ELEMENTS (KOHA) | |
| Koha item type | Books |
| 653 ## - INDEX TERM--UNCONTROLLED | |
| Uncontrolled term | Economics. |
| 653 ## - INDEX TERM--UNCONTROLLED | |
| Uncontrolled term | Macro economics. |
| Withdrawn status | Lost status | Damaged status | Not for loan | Home library | Current library | Shelving location | Date acquired | Total Checkouts | Full call number | Barcode | Date last seen | Copy number | Price effective from | Koha item type |
|---|---|---|---|---|---|---|---|---|---|---|---|---|---|---|
| Central Library, Naharkatiya College | Central Library, Naharkatiya College | General Stacks | 19/09/2020 | 339.01 | GUP | 1805 | 19/09/2020 | 1 | 19/09/2020 | Books |
